Monetary policy in an open economy AD/AS framework

Guardado en:
Detalles Bibliográficos
Autor principal: Makin, A.J
Formato: Libro
Lenguaje:inglés
Publicado: Brisbane The University of Queensland 1997
Colección:Discussion papers no. 223
Materias:
Etiquetas: Agregar Etiqueta
Sin Etiquetas, Sea el primero en etiquetar este registro!

MARC

LEADER 00000nam a2200000 4500
001 c100650
005 20221124074821.5
022 |a 1033-4661 
041 0 |a eng 
044 |a AU 
245 1 0 |a Monetary policy in an open economy AD/AS framework  |c A.J. Makin 
264 1 |a Brisbane  |b The University of Queensland  |c 1997 
300 |a 18 s. 
490 1 |a Discussion papers  |v no. 223 
830 0 |a Discussion papers  |v no. 223 
610 2 0 |a politika peňažná 
610 2 0 |a hospodárstvo otvorené 
610 2 0 |a modely 
610 2 0 |a náklady 
610 2 0 |a kurz devízový 
610 2 0 |a ceny 
610 2 0 |a účty bežné 
610 2 0 |a kapitál zahraničný 
100 1 |a Makin, A.J.